Escritos Filosoficos y Politicos / (Record no. 5689)

000 -CABECERA
fixed length control field 00935nam a22002177a 4500
003 - IDENTIFICADOR DEL NÚMERO DE CONTROL
control field AR-CdUCM
008 - DATOS DE LONGITUD FIJA--INFORMACIÓN GENERAL
fixed length control field 190313b ||||| |||| 00| 0 spa d
040 ## - FUENTE DE LA CATALOGACIÓN
Agencia/entidad que catalogó originalmente la obra MUNICIPALIDAD PROVINCIAL DEL CUSCO
Entidad que transcribió la catalogación BIBLIOTECA MUNICIPAL DEL CUSCO
082 ## - NÚMERO DE LA CLASIFICACIÓN DECIMAL DEWEY
No. de Clasificación 105 /
Notacion interna F82
100 ## - ENTRADA PRINCIPAL--NOMBRE DE PERSONA
Nombre Personal Francois ,Donatien Alphoise
245 ## - MENCIÓN DE TÍTULO
Título Escritos Filosoficos y Politicos /
260 ## - PUBLICACIÓN, DISTRIBUCIÓN, ETC.
Lugar de publicación, distribución, etc. México :
Nombre de la editorial, distribuidor, etc. Grijalbo S.A. ,
Fecha de publicación, distribución, etc. 1969.
300 ## - DESCRIPCIÓN FÍSICA
Nº de Páginas Extensión 156 páginas ;
Dimensiones 18 cm.
440 ## - MENCIÓN DE SERIE/PUNTO DE ACCESO ADICIONAL--TÍTULO
Título Colección 70
Número de la parte/sección de una obra 50
9 (RLIN) 16947
505 ## - NOTA DE CONTENIDO CON FORMATO
Nota de contenido formateada Contenido : Sade, encarnacion de la filosofia -- Dialogo entre un sacerdote y un moribundo -- Regalos Filosoficos -- Pensamiento encontrado -- Idea sobre el modo de sancion de las leyes -- Carta de un ciudadano de París -- Peticion a los representantes del Pueblo Francés...
650 ## - PUNTO DE ACCESO ADICIONAL DE MATERIA--TÉRMINO DE MATERIA
Descriptor Marques de Sade
9 (RLIN) 16948
650 ## - PUNTO DE ACCESO ADICIONAL DE MATERIA--TÉRMINO DE MATERIA
Descriptor Escritos Filosoficos
9 (RLIN) 16949
650 ## - PUNTO DE ACCESO ADICIONAL DE MATERIA--TÉRMINO DE MATERIA
Descriptor Escritos Politicos
9 (RLIN) 16950
942 ## - ELEMENTOS DE PUNTO DE ACCESO ADICIONAL (KOHA)
Fuente de clasificación
Tipo de item Libros-BMC
945 ## - PROCESAMIENTO DE INFORMACIÓN LOCAL (OCLC)
Catalogador rtm
Holdings
Estado de retiro (separado) Fuente de clasificación o esquema de estanterías Estado dañado Ubicación Sala donde se ubica Nombre de la colección Fecha de adquisición o compra Costo, precio normal en soles Signatura topográfica Código de Barras Última vez visto (Koha) Tipo de ítem (Koha)
No     Sala Humanidades Sala Humanidades Book Cart 2019-03-13 10.00 105 / F82 SH0000006348 2019-03-13 Libros-BMC

Powered by Koha